003570000a22001330004500003001100000008004100011040003900052041000800091082001300099245003400112260005200146300000900198650001600207LK-CoMWRAF230817t ||||| |||| 00| 0 eng d aLK-CoMWRAFdLK-CoMWRAFeLK-CoMWRAF aeng a355bFAM aFamily Law for Non- Muslimsb aKuala LumpurbAssociatin of Women Lawyersc1988 ap.18 awomen & LAW